LEADER 01036nam a2200253 i 4500 001 000000171495 003 CaOOAMICUS 005 20250708144614.0 008 080430s1971 it u000 u ita u 013 $a148926 040 $aSeMil$bita 245 10$aPrimo centenario. 260 $a[Novara] :$bBanca Popolare di Novara,$ccopyr. 1971. 300 $a210 p., [24] p. di tav. [foto] :$bill. ;$c37 cm. 500 $aIn custodia con : La moneta italiana, un secolo dal 1870. - Fondo Card. Giovanni Colombo. 650 4$aNumismatica - Italia - Cataloghi.$0(OLS)http://semarc/subject/58116 650 4$aEconomia monetaria - Italia - 1870-1970.$0(OLS)http://semarc/subject/32626 850 $aSeMil 852 $aSeMil$W1$xVenegono$y1$mSL1.H IX 29$j122364$B122364$CSeMilBibl$Z2$F133909 $8I 941 1 $a3 961 $aLascito: Colombo Card. Giovanni 996 $6245$aPrimo centenario$9(OLS)http://semarc/title/245351 996 $6260$a[Novara] :$bBanca Popolare di Novara$9(OLS)http://semarc/publisher/32955 LEADER 01152nam a2200241 4500 001 000000359168 003 CaOOAMICUS 005 20240801101636.0 008 240801s2023 xxu 000 u eng r 020 $a978-0-268-20553-9 040 $aSeMil$bita 100 1 $aSchlesinger, Eugene R.$0(OLS)http://semarc/name/120094 245 10$aSalvation in Henri de Lubac :$bdivine grace, human nature, and the mystery of the cross /$cEugene R. Schlesinger. 264 1$aNotre Dame, Indiana :$bUniversity of Notre Dame Press,$c2023. 300 $axxvii, 250 p. ;$c24 cm 504 $aBibliography, p. 221-237 650 4$aLubac, Henri : de - Escatologia.$0(OLS)http://semarc/subject/49011 850 $aSeMil 852 $aSeMil$W1$xVenegono$y1$m2B VI 3$j249984$B250220$CSeMilBibl$Z2$F250220 $81 996 $6020$a978-0-268-20553-9$9(OLS)http://semarc/number/300901 996 $6245$aSalvation in Henri de Lubac :$bdivine grace, human nature, and the mystery of the cross$9(OLS)http://semarc/title/449610 996 $6264$aNotre Dame, Indiana :$bUniversity of Notre Dame Press$9(OLS)http://semarc/publisher/54251